000 00446nam a2200181Ia 4500
003 GCL
008 140319s9999 xx 000 0 eng d
040 _aGCL /
_cGCL
082 0 4 _a843
_bC H
100 1 _aCHAREF, MEHDI
245 1 0 _aLE HARKI DE MERIEM /
_cCHAREF, MEHDI
260 _a[S.N] :
_bFOLIO ،
_c1991
300 _a211 P
490 _aMERCURE DE FRANCE
_v0
650 0 4 _aLITERATURE
650 0 4 _aFRENCH LITERATURE
942 _2ddc
_cBK
999 _c22016
_d22016